000 00597nam a2200205 i 4500
001 127561
003 ES-MaACL
005 20230906193033.0
007 t|
008 070214s1948 sp r ||||1| spa d
100 1 _aRigau, Alejo.
_997190
245 1 4 _aLos abonos
_b: su preparación y empleo /
_cAlejo Rigau.
260 _aBarcelona :
_bPalma,
_c1948.
300 _a116 p. ;
_c19 cm.
490 1 _aSelecta enciclopedia práctica
650 4 _aFertilizantes.
_9136105
830 0 _aSelecta enciclopedia práctica
_9181339
852 _aES-MaACL
_jE-953
_bR.26572
999 _c127561
_d127561